Μαθηματικά Διοικητικών και Οικονομικών Επιστημών (Record no. 3266)
[ view plain ]
| 000 -LEADER | |
|---|---|
| fixed length control field | 01295cam a22002174a 4500 |
| 005 - ΗΜΕΡΟΜΗΝΙΑ ΚΑΙ ΩΡΑ ΤΕΛΕΥΤΑΙΑΣ ΕΝΗΜΕΡΩΣΗΣ | |
| Πεδίο ελέγχου | 20250605164110.0 |
| 008 - FIXED-LENGTH DATA ELEMENTS--GENERAL INFORMATION | |
| Πεδίο ελέγχου σταθερού μήκους | 250528s ||||||||||||||||||||||||d |
| 035 ## - SYSTEM CONTROL NUMBER | |
| System control number | 17866 |
| 020 ## - ISBN | |
| ISBN | 9789605950118 |
| 040 ## - ΠΗΓΗ ΚΑΤΑΛΟΓΟΓΡΑΦΗΣΗΣ | |
| Φορέας πρωτότυπης καταλογογράφησης | MC Athens Campus Library |
| Γλώσσα καταλογογράφησης | Ελληνικά, Μοντέρνα (1453-) |
| Modifying agency | MC Athens Campus Library |
| Κανόνες περιγραφικής καταλογογράφησης | AACR2 |
| 245 1# - ΤΙΤΛΟΣ ΚΑΙ ΔΗΛΩΣΗ ΥΠΕΥΘΥΝΟΤΗΤΑΣ | |
| Τίτλος | Μαθηματικά Διοικητικών και Οικονομικών Επιστημών |
| 260 ## - PUBLICATION, DISTRIBUTION, ETC. | |
| Name of publisher, distributor, etc. | Σύγχρονη Εκδοτική, |
| Date of publication, distribution, etc. | 2016 |
| 300 ## - PHYSICAL DESCRIPTION | |
| Extent | 736 |
| 520 ## - SUMMARY, ETC. | |
| Summary, etc. | Πρόλογος, Βασικές Έννοιες, Αναλογιστικά Μαθηματικά, Όριο και Συνέχεια, Παράγωγοι και Εφαρμογές, Οικονομικές Συναρτήσεις και Βελτιστοποίηση Οικονομικών Συναρτήσεων μιας Μεταβλητής, Ολοκληρώματα, Διαφορικές Εξισώσεις, Συναρτήσεις Πολλών Μεταβλητών, Στοιχεία Γραμμικής Άλγεβρας, Στοιχεία Πιθανοθεωρίας, Θεωρία Αποφάσεων, Στοχαστικές Διαδικασίες, Βιβλιογραφία. |
| 700 1# - ΠΡΟΣΘΕΤΗ ΑΝΑΓΡΑΦΗ--ΦΥΣΙΚΟ ΠΡΟΣΩΠΟ | |
| Personal name | Βρυζίδης Λ |
| 9 (RLIN) | 4155 |
| 700 1# - ΠΡΟΣΘΕΤΗ ΑΝΑΓΡΑΦΗ--ΦΥΣΙΚΟ ΠΡΟΣΩΠΟ | |
| Personal name | Κοσσιέρη Ε |
| 9 (RLIN) | 4156 |
| 700 1# - ΠΡΟΣΘΕΤΗ ΑΝΑΓΡΑΦΗ--ΦΥΣΙΚΟ ΠΡΟΣΩΠΟ | |
| Personal name | Χαλικιάς Μ |
| 9 (RLIN) | 4157 |
| 942 ## - ADDED ENTRY ELEMENTS (KOHA) | |
| Koha item type | Books |
| Τύπος τεκμηρίου | Βιβλιοθήκη | Τρέχουσα τοποθεσία | Barcode | Αριθμός εισαγωγής | Ημερομηνία απόκτησης | Ταξιθετικό σύμβολο | Αριθμός αντιτύπου | Κατάσταση απόσυρσης | Κατάσταση χαμένου | Κατάσταση κατεστραμμένου | Μη δανεισμός | Σύνολο δανεισμών | Ημερομηνία τελευταίας εμφάνισης | Η τιμή ισχύει από |
|---|---|---|---|---|---|---|---|---|---|---|---|---|---|---|
| Books | MC Athens Campus Library | MC Athens Campus Library | 9780000032652 | 7351 | 05/06/2025 | 330.0151 HAL | 1 | 05/06/2025 | 05/06/2025 |